Illustrative approach to Logic Design (Record no. 176860)

000 -LEADER
fixed length control field 00394nam a2200133Ia 4500
008 - FIXED-LENGTH DATA ELEMENTS--GENERAL INFORMATION
fixed length control field 220217s9999||||xx |||||||||||||| ||und||
020 ## - INTERNATIONAL STANDARD BOOK NUMBER
International Standard Book Number 81-88849-03-0
082 ## - DEWEY DECIMAL CLASSIFICATION NUMBER
Classification number 621.392 SAM
100 ## - MAIN ENTRY--PERSONAL NAME
Personal name Samuel, Sudhaker, R.D
245 #0 - TITLE STATEMENT
Title Illustrative approach to Logic Design
260 ## - PUBLICATION, DISTRIBUTION, ETC.
Place of publication, distribution, etc. Sanguine Technical Publishers
Name of publisher, distributor, etc. Bangalore
Date of publication, distribution, etc. 2008
300 ## - PHYSICAL DESCRIPTION
Other physical details 300
650 ## - SUBJECT ADDED ENTRY--TOPICAL TERM
Topical term or geographic name entry element DIGITAL DESIGN/LOGIC DESIGN
Holdings
Withdrawn status Lost status Damaged status Not for loan Collection code Home library Current library Date acquired Total Checkouts Full call number Barcode Date last seen Date last checked out Price effective from Koha item type
        Electronics and Communication Engineering Central Library Central Library 02/18/2022 2 621.392 SAM 12049 04/28/2023 03/29/2023 02/18/2022 Books

Powered by Koha